Could a population of the European red squirrel (Sciurus vulgaris) be viable in an urban park? : [μεταπτυχιακή διατριβή]
Αποθηκεύτηκε σε:
| Κύριος συγγραφέας: | |
|---|---|
| Συλλογικό Έργο: | , |
| Άλλοι συγγραφείς: | , |
| Μορφή: | Thesis Βιβλίο |
| Γλώσσα: | English |
| Δημοσίευση: |
2013
|
| Θέματα: | |
| Ετικέτες: |
Προσθήκη ετικέτας
Δεν υπάρχουν, Καταχωρήστε ετικέτα πρώτοι!
|
MARC
| LEADER | 00000cam a2200000 i 4500 | ||
|---|---|---|---|
| 001 | 1/56787 | ||
| 008 | 140922s2013 eng d | ||
| 035 | |l 10119239 | ||
| 040 | |a GR-MY-UA |b gre |e aacr | ||
| 041 | 0 | |a eng | |
| 082 | 0 | |a 599.35 |2 (22) | |
| 100 | 1 | |a Rezouki, Celia. | |
| 245 | 1 | 0 | |a Could a population of the European red squirrel (Sciurus vulgaris) be viable in an urban park? : |b [μεταπτυχιακή διατριβή] / |c Celia Rezouki ; intership supervisors: Jean-Louis Chapius, Emmanuelle Baudry |
| 260 | |c 2013 | ||
| 300 | |a 29 σ.; |b πίν.; |c 30 εκ. | ||
| 500 | |a Centre des Science de la Conservation | ||
| 500 | |a Laboratoire Ecologie Systematique et Evolution, equipe Ecologie des Populations et des communautes, Universite Paris-Sud | ||
| 502 | # | # | |a Διατριβή (μεταπτυχιακή) – Πανεπιστήμιο Αιγαίου, Λέσβος, 2013. |
| 650 | 0 | 0 | |a Squirrels |x Habitat. |
| 650 | 0 | 0 | |a Urban ecology (Biology) |
| 650 | 0 | 0 | |a Squirrels |z France |z Paris. |
| 650 | 0 | 0 | |a Dissertations, Academic |z Greece. |
| 700 | 1 | |a Chapuis, Jean-Louis. |4 ths | |
| 700 | 1 | |a Baudry, Emmanuelle. |4 ths | |
| 710 | 2 | |a Πανεπιστήμιο Αιγαίου Ελληνογαλλικό Πρόγραμμα Μεταπτυχιακών Σπουδών Διατήρηση της Βιοποικιλότητας |b Σχολή Περιβάλλοντος. | |
| 710 | 2 | |a Universite des sciences et techniques du Languedoc. | |
| 852 | |a INST |b LESVOS |c DIATR |e 20140922 |h 85 |p 005100055055 |q 005100055055 |t MTXE |y 23 | ||
| 852 | |a INST |b LESVOS |c DIATR |e 20140922 |h 86 |p 005100055056 |q 005100055056 |t MTXE |y 23 | ||
| 901 | |a BIBL1-2014-3 | ||
| 909 | |a Λ |b 190844 | ||
| 909 | |a Λ |b 190845 | ||
| 924 | |a REZOUKI |b CELIA |y ΛΕΣΒΟΣ |z 2013-01 | ||
| 970 | |a ΤΖΑΦΕΡΗ |b ΕΥΑΓΓΕΛΙΑ |z 2014/09/22 | ||